| 000 | 00511nam a22002057a 4500 | ||
|---|---|---|---|
| 003 | OSt | ||
| 005 | 20140310184525.0 | ||
| 008 | 131022t xxu||||| |||| 00| 0 eng d | ||
| 020 | _a0545152925 | ||
| 050 |
_aPZ 7 _b.W337 2009 |
||
| 100 |
_aWatson, Jude _930174 |
||
| 245 |
_aIn too deep / _cJude Watson. |
||
| 260 |
_aNew York : _bScholastic, _c1920. |
||
| 300 |
_a205 p. : _bill. ; _c19 cm. |
||
| 490 |
_aThe 39 clues. _v6 |
||
| 521 | _aG3 | ||
| 526 | _c550 | ||
| 942 |
_2lcc _cBK-SCHOLAS |
||
| 999 |
_c35113 _d35113 |
||